000 00337nam a2200157Ia 4500
100 _aJhamb / L.C
490 _vII
942 _cBK
654 _aTechniques VII
245 _aQuantitative techniques VII
260 _bEverest Pub.House
_aMumbai
_c1997
082 _a658.4033
_bJHA
300 _a566
546 _aENGLISH
999 _c23571
_d23571